[Event "79th ch-ESP 2014"]
[Site "Linares ESP"]
[Date "2014.08.26"]
[Round "2.19"]
[White "Teran Alvarez, Ismael"]
[Black "Saenz Narciso, Miguel Angel"]
[Result "1-0"]
[WhiteTitle "IM"]
[WhiteElo "2388"]
[BlackElo "2192"]
[WhiteFideId "2204177"]
[BlackFideId "2251256"]
[EventDate "2014.08.25"]

1. e4 c5 2. Nf3 g6 3. d4 cxd4 4. Nxd4 Nc6 5. c4 Nf6 6. Nc3 Nxd4 7. Qxd4 d6 8.
Be3 Bg7 9. f3 O-O 10. Qd2 Be6 11. Rc1 Qa5 12. Nd5 Qxd2+ 13. Kxd2 Bxd5 14. cxd5
Rfc8 15. Rxc8+ Rxc8 16. g3 b6 17. Bh3 Rc7 18. Rc1 Rxc1 19. Kxc1 Kf8 20. a4 Ke8
21. a5 bxa5 22. Bxa7 Nd7 23. Bxd7+ Kxd7 24. Bb6 a4 25. Kb1 Kc8 26. Ka2 Kb7 27.
Bd8 e6 28. Ka3 exd5 29. exd5 Ka6 30. Kxa4 Bxb2 31. Be7 Be5 32. f4 Bd4 33. Bxd6
Bg1 34. h3 Bh2 35. f5 gxf5 36. Kb4 Kb6 37. Kc4 Bg1 38. Be5 Kb7 39. Kb5 Bf2 40.
d6 Be3 41. Bf6 1-0

[Event "79th ch-ESP 2014"]
[Site "Linares ESP"]
[Date "2014.08.26"]
[Round "2.20"]
[White "Vega Gutierrez, Belinda"]
[Black "Pallardo Lozoya, Jose Vicente"]
[Result "0-1"]
[WhiteTitle "WIM"]
[BlackTitle "FM"]
[WhiteElo "2169"]
[BlackElo "2387"]
[WhiteFideId "2229994"]
[BlackFideId "2230380"]
[EventDate "2014.08.25"]

1. e4 e6 2. d4 d5 3. Nc3 Nf6 4. Bg5 dxe4 5. Nxe4 Be7 6. Bxf6 gxf6 7. Nf3 Nd7 8.
g3 b6 9. Bg2 f5 10. Nc3 Bb7 11. Qd3 Bf6 12. O-O-O Qe7 13. d5 Nc5 14. Qe3 Ne4 15.
Nd4 Nxc3 16. Qxc3 O-O 17. Nc6 Bxc6 18. Qxc6 Rad8 19. Rhe1 Rd6 20. Qc4 Rfd8 21.
dxe6 Rxd1+ 22. Rxd1 Bxb2+ 23. Kxb2 Rxd1 24. Bd5 fxe6 25. Bxe6+ Kg7 26. g4 a5 27.
Bxf5 Qe5+ 28. c3 Rd2+ 29. Bc2 b5 30. Qc6 b4 31. f4 Qxc3+ 32. Qxc3+ bxc3+ 33.
Kxc3 Rxh2 34. a4 Rf2 35. f5 Kf6 36. Bd1 Rf4 37. Kd3 h6 38. Kc3 Ke5 0-1

[Event "79th ch-ESP 2014"]
[Site "Linares ESP"]
[Date "2014.08.26"]
[Round "2.21"]
[White "Matnadze, Ana"]
[Black "Rodriguez Garcia, Manuel Fco"]
[Result "1-0"]
[WhiteTitle "IM"]
[WhiteElo "2385"]
[BlackElo "2158"]
[WhiteFideId "13601377"]
[BlackFideId "2218178"]
[EventDate "2014.08.25"]

1. d4 Nf6 2. Nf3 g6 3. g3 Bg7 4. Bg2 O-O 5. O-O d6 6. c4 Nbd7 7. Nc3 e5 8. h3
exd4 9. Nxd4 Re8 10. e4 a6 11. Re1 Rb8 12. a4 Ne5 13. b3 c5 14. Nc2 Be6 15. Bb2
h5 16. Nd5 Nc6 17. Ra2 b5 18. axb5 axb5 19. Ra6 Nxd5 20. exd5 Bc8 21. Rxe8+ Qxe8
22. Bxg7 Bxa6 23. dxc6 bxc4 24. bxc4 Bxc4 25. c7 Rb6 26. Bc3 Be6 27. Ne3 Qc8 28.
Qf3 d5 29. Be5 Bxh3 30. Nxd5 Rb1+ 31. Kh2 Bxg2 32. Kxg2 1-0

[Event "79th ch-ESP 2014"]
[Site "Linares ESP"]
[Date "2014.08.26"]
[Round "2.22"]
[White "Perez De Aranda A., Leonardo I."]
[Black "Espinosa Aranda, Angel"]
[Result "0-1"]
[BlackTitle "IM"]
[WhiteElo "2146"]
[BlackElo "2385"]
[WhiteFideId "2225611"]
[BlackFideId "2278189"]
[EventDate "2014.08.25"]

1. c4 g6 2. Nf3 Bg7 3. Nc3 c5 4. e4 Nc6 5. Be2 d6 6. O-O Bg4 7. d3 Nf6 8. Be3
O-O 9. h3 Bxf3 10. Bxf3 Nd7 11. g3 Nde5 12. Bg2 Nb4 13. Qe2 Nec6 14. a3 Nd4 15.
Bxd4 cxd4 16. axb4 dxc3 17. bxc3 Bxc3 18. Rab1 e5 19. h4 Kg7 20. Bh3 Bd4 21. Kg2
Qe7 22. Qg4 a5 23. bxa5 Rxa5 24. f4 Ra2+ 25. Kh1 h5 26. Qd1 exf4 27. Rxf4 Rfa8
28. Rf1 b6 29. Bg2 Rxg2 30. Kxg2 Ra2+ 31. Kh1 Qe6 32. Rf5 gxf5 33. Qxh5 fxe4 34.
Qg5+ Qg6 35. Qxg6+ fxg6 36. dxe4 Rc2 37. Rb4 Be5 38. Rxb6 Bxg3 39. h5 gxh5 40.
Rb5 h4 41. Rg5+ Kf6 42. Rg4 Ke5 0-1

[Event "79th ch-ESP 2014"]
[Site "Linares ESP"]
[Date "2014.08.26"]
[Round "2.23"]
[White "Espineira Gonzalez, Diego"]
[Black "Tierraseca Montero, Pablo"]
[Result "1/2-1/2"]
[WhiteTitle "IM"]
[WhiteElo "2360"]
[BlackElo "2143"]
[WhiteFideId "2229498"]
[BlackFideId "2261065"]
[EventDate "2014.08.25"]

1. e4 c5 2. Nf3 d6 3. d4 cxd4 4. Nxd4 Nf6 5. Nc3 a6 6. Rg1 b5 7. g4 Bb7 8. Bg2
e6 9. g5 Nfd7 10. f4 b4 11. Nce2 Qc7 12. Be3 Nc5 13. Ng3 Nbd7 14. Qd2 Nb6 15. b3
Rd8 16. c4 bxc3 17. Qxc3 e5 18. Nf3 exf4 19. Bxf4 Ne6 20. Qxc7 Nxc7 21. O-O-O
Ne6 22. Be3 Nd7 23. Nd4 g6 24. h4 h5 25. gxh6 Bxh6 26. Bxh6 Rxh6 27. Nxe6 fxe6
28. Rxd6 Ke7 29. e5 Bxg2 30. Rxg2 Nxe5 31. Rxa6 Rxh4 32. Ra7+ Kf6 1/2-1/2

[Event "79th ch-ESP 2014"]
[Site "Linares ESP"]
[Date "2014.08.26"]
[Round "2.24"]
[White "Navarro Lopez-Menchero, Daniel"]
[Black "Alvarez Fernandez, Enrique"]
[Result "1-0"]
[WhiteTitle "FM"]
[BlackTitle "FM"]
[WhiteElo "2135"]
[BlackElo "2355"]
[WhiteFideId "2297370"]
[BlackFideId "2227398"]
[EventDate "2014.08.25"]

1. d4 d5 2. c4 Nc6 3. Nf3 Bg4 4. Nc3 e6 5. Bg5 Be7 6. Bxe7 Ngxe7 7. e3 O-O 8. h3
Bxf3 9. Qxf3 e5 10. cxd5 exd4 11. dxc6 dxc3 12. bxc3 Nxc6 13. Bb5 Na5 14. O-O
Qe7 15. Bd3 g6 16. Qf4 b6 17. Rfd1 Rad8 18. h4 h5 19. Be2 Kg7 20. Bf3 c5 21. g3
Nb7 22. Bd5 Nd6 23. c4 Nf5 24. a4 Rb8 25. Bf3 Rfd8 26. Bxh5 Nxh4 27. gxh4 gxh5
28. Kh2 Rxd1 29. Rxd1 Rh8 30. Rg1+ Kf8 31. Qb8+ Qe8 32. Qd6+ Qe7 33. Qb8+ Qe8
34. Qxa7 Qd8 35. Rg5 Rg8 36. a5 Rxg5 37. hxg5 Qd6+ 38. Kg2 bxa5 39. Qxa5 Qc6+
40. f3 Kg7 41. Qd8 Qg6 42. Qd5 Qc2+ 43. Kg3 h4+ 44. Kxh4 Qf2+ 45. Kg4 Qxe3 46.
Kf5 Qf2 47. Qe5+ Kg8 48. Qe8+ Kg7 49. Qe5+ Kg8 50. Qe4 Kg7 51. f4 Kf8 52. Qa8+
Kg7 53. Qa1+ Kg8 54. Qe5 Qc2+ 55. Kf6 Qg6+ 56. Ke7 Qc6 57. f5 Qb7+ 58. Kd6 Qb8+
59. Kd5 Qc8 60. g6 1-0

[Event "79th ch-ESP 2014"]
[Site "Linares ESP"]
[Date "2014.08.26"]
[Round "2.25"]
[White "Sos Andreu, Eric"]
[Black "Sanchez Dengra, Jose Maria"]
[Result "0-1"]
[WhiteTitle "FM"]
[WhiteElo "2355"]
[BlackElo "2134"]
[WhiteFideId "22247017"]
[BlackFideId "22245391"]
[EventDate "2014.08.25"]

1. d4 Nf6 2. c4 e6 3. g3 c5 4. d5 exd5 5. cxd5 d6 6. Nc3 g6 7. Nf3 Bg7 8. Bg2
O-O 9. O-O Re8 10. Nd2 a6 11. a4 Nbd7 12. h3 Rb8 13. Nc4 Ne5 14. Na3 Nh5 15. e4
Bd7 16. a5 b5 17. axb6 Qxb6 18. g4 Nf6 19. f4 Nexg4 20. hxg4 Nxg4 21. Nc4 Qd8
22. Qe1 Bd4+ 23. Ne3 Rxb2 24. Bxb2 Nxe3 25. Kh1 Re5 26. fxe5 Qg5 27. Qf2 Nxf1
28. Qxf1 Qh5+ 29. Bh3 Bxh3 0-1

[Event "79th ch-ESP 2014"]
[Site "Linares ESP"]
[Date "2014.08.26"]
[Round "2.26"]
[White "Gil Quilez, Sonia"]
[Black "Andres Gonzalez, Ivan"]
[Result "0-1"]
[BlackTitle "FM"]
[WhiteElo "2127"]
[BlackElo "2354"]
[WhiteFideId "2263980"]
[BlackFideId "2217783"]
[EventDate "2014.08.25"]

1. d4 Nf6 2. c4 e6 3. Nc3 Bb4 4. Qc2 c5 5. e3 O-O 6. Nf3 b6 7. Bd2 Bb7 8. a3
Bxc3 9. Bxc3 Ne4 10. dxc5 bxc5 11. Nd2 Nxc3 12. Qxc3 Nc6 13. Ne4 Qe7 14. Rd1 d5
15. cxd5 exd5 16. Nxc5 d4 17. Qc1 Rac8 18. Be2 Ne5 19. b4 d3 20. Bf1 Rfd8 21.
Qb1 Rxc5 22. bxc5 Qxc5 23. Bxd3 Qc3+ 24. Ke2 Nxd3 25. Rxd3 Ba6 26. Rd1 Qxa3 27.
Qc2 g6 28. e4 Kf8 29. Ke3 Bxd3 30. Rxd3 Rxd3+ 31. Qxd3 Qc5+ 32. Qd4 Qc1+ 33. Kf3
Qa3+ 34. Kf4 h5 35. Qd8+ Kg7 36. Qd4+ Kg8 37. Qd8+ Kh7 38. Qc7 Qa2 39. f3 a5 40.
e5 a4 41. g4 hxg4 42. Kxg4 Qg2+ 43. Kf4 Qxh2+ 44. Kg5 Kg7 45. Qc3 Qg3# 0-1

[Event "79th ch-ESP 2014"]
[Site "Linares ESP"]
[Date "2014.08.26"]
[Round "2.27"]
[White "Collado Barbas, Laura"]
[Black "Sanchez Aller, Fernando"]
[Result "0-1"]
[WhiteTitle "WFM"]
[BlackTitle "FM"]
[WhiteElo "2117"]
[BlackElo "2352"]
[WhiteFideId "2294907"]
[BlackFideId "2222892"]
[EventDate "2014.08.25"]

1. d4 Nf6 2. c4 e6 3. Nc3 Bb4 4. Qc2 O-O 5. e4 d6 6. a3 Bxc3+ 7. bxc3 c5 8. Bd3
Qc7 9. Ne2 b5 10. dxc5 bxc4 11. Bxc4 Nbd7 12. Bg5 Ng4 13. Bh4 Nge5 14. Ba2 Nxc5
15. O-O Ba6 16. f3 Rab8 17. Bf2 Ned3 18. c4 Rb2 19. Qd1 Nxf2 20. Rxf2 Qb6 21.
Nd4 Rxf2 22. Kxf2 Qb2+ 23. Nc2 Qc3 24. Nb4 Bb7 25. Rb1 a5 26. Nc2 Bc6 27. Ne1
Bxe4 28. fxe4 Nxe4+ 29. Ke2 Qxa3 30. Qd3 Qxa2+ 31. Ke3 Qf2+ 0-1

[Event "79th ch-ESP 2014"]
[Site "Linares ESP"]
[Date "2014.08.26"]
[Round "2.28"]
[White "Torres Ventosa, Pedro Eugenio"]
[Black "Barrenechea Bahamonde, Gustavo"]
[Result "1/2-1/2"]
[WhiteTitle "FM"]
[WhiteElo "2334"]
[BlackElo "2124"]
[WhiteFideId "2280663"]
[BlackFideId "2254425"]
[EventDate "2014.08.25"]

1. e4 Nf6 2. e5 Nd5 3. d4 d6 4. Nf3 dxe5 5. Nxe5 g6 6. Bc4 c6 7. Qf3 Be6 8. Nc3
Nd7 9. h4 Nxe5 10. dxe5 Bg7 11. Bg5 Bxe5 12. Rd1 Qa5 13. O-O Bxc3 14. bxc3 O-O-O
15. Rfe1 h6 16. Bd2 g5 17. h5 Rhf8 18. Bb3 Qc7 19. g3 Qd7 20. Qe4 Bg4 21. Rb1
Bxh5 22. a4 f5 23. Qd4 Kb8 24. a5 Nc7 25. Qb4 Na6 26. Qd4 Qxd4 27. cxd4 Rxd4 28.
Be3 Re4 29. c3 Bf3 30. Bc2 Rc4 31. Bd3 Bd5 32. Bxc4 Bxc4 33. Bd4 e6 34. Rbd1 Bd5
35. Rc1 c5 36. Be5+ Kc8 37. f4 c4 38. Kf2 Nc5 39. Ke3 Nd3 40. Bg7 Rg8 41. Bxh6
gxf4+ 42. Bxf4 Rh8 43. Kd4 Kd7 44. Rb1 Nxe1 45. Rxe1 Rh2 46. a6 bxa6 47. Ra1 Re2
48. Rxa6 Rb2 49. Rxa7+ Rb7 50. Ra6 Ke7 51. Ke5 Rd7 52. Bg5+ Kf7 53. Ra4 Rb7 54.
Ra2 Kg6 55. Bf4 Rb3 56. Kd4 Rb1 57. Rd2 Re1 58. Kc5 Kh5 59. Rd4 Re4 60. Rxe4
fxe4 61. Kd4 Kg4 62. Ke3 1/2-1/2

[Event "79th ch-ESP 2014"]
[Site "Linares ESP"]
[Date "2014.08.26"]
[Round "2.29"]
[White "Lechuga Cabrero, Luis Miguel"]
[Black "Larino Nieto, David"]
[Result "0-1"]
[BlackTitle "GM"]
[WhiteElo "1691"]
[BlackElo "2432"]
[WhiteFideId "22274693"]
[BlackFideId "2256444"]
[EventDate "2014.08.25"]

1. e4 c6 2. d4 d5 3. Nc3 dxe4 4. Nxe4 Nf6 5. Nxf6+ exf6 6. Nf3 Bg4 7. c3 Bd6 8.
Bd3 Nd7 9. O-O O-O 10. h3 Bh5 11. Re1 Qc7 12. Be3 Rfe8 13. Rc1 Nf8 14. c4 Qd7
15. c5 Bc7 16. Be2 Rad8 17. Qd2 Ne6 18. Rcd1 Bb8 19. Nh4 Bxe2 20. Rxe2 Qc7 21.
g3 Qc8 22. Qc3 Ng5 23. f4 Ne4 24. Qe1 Qxh3 25. Bf2 f5 26. Qf1 Qg4 27. Kh2 Re6
28. Rde1 Rde8 29. a3 Nxg3 0-1

[Event "79th ch-ESP 2014"]
[Site "Linares ESP"]
[Date "2014.08.26"]
[Round "2.30"]
[White "Fernandez Garcia, Jose Miguel"]
[Black "Redondo Benavente, Ana"]
[Result "1-0"]
[WhiteTitle "FM"]
[WhiteElo "2353"]
[BlackElo "1739"]
[WhiteFideId "22200070"]
[BlackFideId "32021674"]
[EventDate "2014.08.25"]

1. d4 Nf6 2. Nf3 g6 3. g3 Bg7 4. Bg2 d6 5. O-O O-O 6. c4 c5 7. Nc3 Nbd7 8. h3
Rb8 9. e4 cxd4 10. Nxd4 Nc5 11. Be3 a6 12. Qc2 Bd7 13. Rfd1 Qc7 14. Rac1 Rfc8
15. Qe2 Ne6 16. b3 Qa5 17. Nd5 Nxd5 18. exd5 Nxd4 19. Bxd4 Re8 20. Bxg7 Kxg7 21.
Qb2+ Kg8 22. b4 Qb6 23. Qc3 Rbc8 24. c5 Qa7 25. Qe3 Ba4 26. Rd4 Rc7 27. Qh6 Rec8
28. Rh4 e6 29. cxd6 Rxc1+ 30. Kh2 f5 31. Qxh7+ Kf8 32. Qh8+ 1-0

[Event "79th ch-ESP 2014"]
[Site "Linares ESP"]
[Date "2014.08.26"]
[Round "2.31"]
[White "Ruperez Benito, Antonio"]
[Black "Sanchez Saez, Francisco"]
[Result "1/2-1/2"]
[BlackTitle "FM"]
[WhiteElo "2018"]
[BlackElo "2319"]
[WhiteFideId "22245049"]
[BlackFideId "2231743"]
[EventDate "2014.08.25"]

1. e4 g6 2. d4 Bg7 3. Nf3 d6 4. Nc3 Nf6 5. Be2 O-O 6. O-O Bg4 7. Be3 Nc6 8. h3
Bxf3 9. Bxf3 e5 10. dxe5 Nxe5 11. Be2 Re8 12. Qd2 a6 13. a4 Qd7 14. f4 Nc6 15.
Bf3 Rad8 16. Rad1 Qc8 17. Bf2 Na5 18. b3 c5 19. Bh4 Nc6 20. Nd5 Nxd5 21. exd5
Bd4+ 22. Kh1 Be3 23. dxc6 Bxd2 24. cxb7 Qc7 25. Bxd8 Rxd8 26. Rxd2 Rb8 27. Rfd1
Rxb7 28. Bxb7 Qxb7 29. Rxd6 Qe4 30. R1d3 Qxf4 31. Rxa6 Qf1+ 32. Kh2 Qf4+ 33. Kh1
Qc1+ 34. Kh2 Qxc2 35. Rad6 Qa2 36. Rd7 Qa1 37. R7d5 Qc1 38. Rf3 f5 39. Rd7 Qe1
40. Rfd3 Qe5+ 41. Kg1 Qe4 42. Kf2 Qf4+ 43. Ke2 Qe4+ 44. Kf2 Qf4+ 45. Ke1 1/2-1/2

[Event "79th ch-ESP 2014"]
[Site "Linares ESP"]
[Date "2014.08.26"]
[Round "2.32"]
[White "Campins Machado, Francesc"]
[Black "Garcia Vicente, Nieves"]
[Result "1-0"]
[BlackTitle "WIM"]
[WhiteElo "1946"]
[BlackElo "2214"]
[WhiteFideId "32005385"]
[BlackFideId "2201542"]
[EventDate "2014.08.25"]

1. Nf3 d5 2. c4 e6 3. g3 dxc4 4. Qa4+ Nd7 5. Qxc4 a6 6. Bg2 Ngf6 7. O-O b5 8.
Qc2 Bb7 9. a4 c5 10. d3 Be7 11. axb5 axb5 12. Rxa8 Qxa8 13. Nc3 Qa6 14. Qb3 b4
15. Nd1 Bd5 16. Qc2 Qa2 17. Nd2 O-O 18. Ne3 Bxg2 19. Kxg2 Nd5 20. Nec4 Qa8 21.
Kg1 h5 22. h4 Qb7 23. Nf3 Ra8 24. Be3 Bf6 25. Rc1 b3 26. Qd2 Ra2 27. Bg5 Qa6 28.
Bxf6 N7xf6 29. Qd1 Qb5 30. Nfd2 Ra4 31. Qxb3 Rb4 32. Qd1 Ng4 33. Ra1 Qc6 34. Nf3
g6 35. Qc1 Kg7 36. Ra7 Nc7 37. Qc3+ Kg8 38. Nfe5 Nxe5 39. Qxe5 Nb5 40. Qb8+ Kg7
41. Ra8 Kf6 42. Qd8+ 1-0

[Event "79th ch-ESP 2014"]
[Site "Linares ESP"]
[Date "2014.08.27"]
[Round "3.1"]
[White "Vallejo Pons, Francisco"]
[Black "Suarez Garcia, Carlos"]
[Result "1-0"]
[WhiteTitle "GM"]
[BlackTitle "FM"]
[WhiteElo "2698"]
[BlackElo "2400"]
[WhiteFideId "2205530"]
[BlackFideId "22230858"]
[EventDate "2014.08.25"]

1. e4 d6 2. d4 Nf6 3. Nc3 g6 4. f4 Bg7 5. Nf3 O-O 6. e5 Nfd7 7. h4 c5 8. e6 fxe6
9. h5 gxh5 10. Ng5 Nf6 11. dxc5 dxc5 12. Bd3 h6 13. Nge4 c4 14. Nxf6+ exf6 15.
Bxc4 Qxd1+ 16. Nxd1 Nc6 17. Rxh5 Bd7 18. Be3 f5 19. Nf2 Na5 20. Be2 Be8 21. Rh3
Bxb2 22. Rd1 Ba4 23. Rxh6 Rf6 24. Rh3 Bxc2 25. Rg3+ Kh8 26. Rh3+ Kg7 27. Rg3+
Kh8 28. Rd7 Ba4 29. Rc7 Rh6 30. Nd3 Ba1 31. Ne5 Bxe5 32. fxe5 Rh7 33. Bg5 1-0

[Event "79th ch-ESP 2014"]
[Site "Linares ESP"]
[Date "2014.08.27"]
[Round "3.2"]
[White "Vega Gutierrez, Sabrina"]
[Black "Vazquez Igarza, Renier"]
[Result "0-1"]
[WhiteTitle "IM"]
[BlackTitle "GM"]
[WhiteElo "2395"]
[BlackElo "2603"]
[WhiteFideId "2219026"]
[BlackFideId "3503054"]
[EventDate "2014.08.25"]

1. e4 c5 2. Nf3 d6 3. d4 Nf6 4. Nc3 cxd4 5. Qxd4 a6 6. Bg5 Nc6 7. Qd2 e6 8.
O-O-O h6 9. Bh4 Be7 10. Nd4 Qb6 11. Nb3 O-O 12. Qe1 Qc7 13. f3 b5 14. a3 b4 15.
axb4 Nxb4 16. g4 Bd7 17. Rg1 Rfc8 18. Rg2 Rab8 19. Rd4 Nc6 20. Rc4 d5 21. Bg3
Bd6 22. Rc5 e5 23. exd5 Bxc5 24. Nxc5 Nb4 25. Bxe5 Qxc5 26. g5 hxg5 27. Qd2 Nh7
28. Rxg5 Na2+ 29. Nxa2 Nxg5 30. Bxb8 Nxf3 31. Qd1 Qe3+ 32. Kb1 0-1

[Event "79th ch-ESP 2014"]
[Site "Linares ESP"]
[Date "2014.08.27"]
[Round "3.3"]
[White "Korneev, Oleg"]
[Black "Teran Alvarez, Ismael"]
[Result "1-0"]
[WhiteTitle "GM"]
[BlackTitle "IM"]
[WhiteElo "2590"]
[BlackElo "2388"]
[WhiteFideId "4156803"]
[BlackFideId "2204177"]
[EventDate "2014.08.25"]

1. e4 Nf6 2. e5 Nd5 3. d4 d6 4. Nf3 dxe5 5. Nxe5 g6 6. Bc4 c6 7. O-O Bg7 8. Re1
O-O 9. Bb3 a5 10. c3 Nd7 11. Nf3 N7b6 12. a3 Bf5 13. h3 Qc7 14. c4 a4 15. Ba2
Nf4 16. Bxf4 Qxf4 17. c5 Nd7 18. Rxe7 Bf6 19. Re3 Rfd8 20. g3 Qc7 21. g4 Bxb1
22. Qxb1 Nf8 23. Qe4 Qd7 24. Rae1 h6 25. Qf4 Bg5 26. Nxg5 hxg5 27. Qxg5 Qxd4 28.
Re7 1-0

[Event "79th ch-ESP 2014"]
[Site "Linares ESP"]
[Date "2014.08.27"]
[Round "3.4"]
[White "Pallardo Lozoya, Jose Vicente"]
[Black "Perez Candelario, Manuel"]
[Result "0-1"]
[WhiteTitle "FM"]
[BlackTitle "GM"]
[WhiteElo "2387"]
[BlackElo "2575"]
[WhiteFideId "2230380"]
[BlackFideId "2210622"]
[EventDate "2014.08.25"]

1. e4 c5 2. b3 Nc6 3. Bb2 d6 4. Bb5 Bd7 5. Ne2 Qa5 6. Nbc3 Nf6 7. O-O e6 8. d4
cxd4 9. Nxd4 Be7 10. Nxc6 bxc6 11. Bd3 e5 12. Qe1 Nh5 13. Ne2 Qxe1 14. Raxe1 O-O
15. f4 Nxf4 16. Nxf4 exf4 17. Rxf4 Be6 18. e5 d5 19. Bf5 Bc5+ 20. Kf1 g6 21. Bg4
h5 22. Be2 Rfd8 23. Ra4 Rdb8 24. Rd1 a5 25. Bc3 Bb4 26. Be1 Bxe1 27. Kxe1 Kf8
28. Kd2 Rb4 29. Rxb4 axb4 30. Ra1 d4 31. Bf3 Ra6 32. Kc1 c5 33. Kb2 Ke7 34. Be4
Bd7 35. Bd3 Ra7 36. Rf1 Be6 37. Be4 Ra5 38. Bd3 Bd5 39. g3 Ke6 40. Re1 Ra8 41.
Bf1 g5 42. Bh3+ g4 43. Bf1 Rg8 44. Ba6 h4 45. gxh4 Rh8 46. h5 Bf3 47. h6 Rxh6
48. Bc8+ Ke7 49. Rg1 Rxh2 50. Bxg4 Bxg4 51. Rxg4 d3 52. Kc1 Rxc2+ 53. Kd1 Rxa2
54. Rg3 d2 55. Rg4 Ke6 56. Rf4 Rb2 57. Rf3 Kxe5 58. Rxf7 Rxb3 59. Kxd2 Kd5 60.
Kc2 Rh3 0-1

[Event "79th ch-ESP 2014"]
[Site "Linares ESP"]
[Date "2014.08.27"]
[Round "3.5"]
[White "Del Rio De Angelis, Salvador G."]
[Black "Matnadze, Ana"]
[Result "1-0"]
[WhiteTitle "GM"]
[BlackTitle "IM"]
[WhiteElo "2529"]
[BlackElo "2385"]
[WhiteFideId "2203138"]
[BlackFideId "13601377"]
[EventDate "2014.08.25"]

1. d4 g6 2. c4 Bg7 3. Nc3 c6 4. e4 d6 5. Nf3 Nh6 6. Be2 f6 7. O-O O-O 8. h3 e5
9. Re1 Nf7 10. Bf1 Nd7 11. Rb1 f5 12. dxe5 dxe5 13. b4 a5 14. b5 Re8 15. bxc6
bxc6 16. Qa4 Qf6 17. Ba3 f4 18. Be2 h5 19. h4 Bf8 20. Red1 Bxa3 21. Qxa3 Nf8 22.
Rb6 Bd7 23. c5 Qe7 24. Bc4 Be6 25. Bxe6 Qxe6 26. Qa4 Rec8 27. Rb7 Rd8 28. Rxd8
Rxd8 29. Rc7 Rd3 30. Rxc6 Qg4 31. Nd5 Rxd5 32. exd5 Qf5 33. Qb3 e4 34. Ng5 Ne5
35. d6+ Kh8 36. Rc7 e3 37. Nf7+ Nxf7 38. Qxf7 exf2+ 39. Kxf2 Qc2+ 40. Kg1 1-0

[Event "79th ch-ESP 2014"]
[Site "Linares ESP"]
[Date "2014.08.27"]
[Round "3.6"]
[White "Espinosa Aranda, Angel"]
[Black "Ibarra Jerez, Jose Carlos"]
[Result "1/2-1/2"]
[WhiteTitle "IM"]
[BlackTitle "GM"]
[WhiteElo "2385"]
[BlackElo "2521"]
[WhiteFideId "2278189"]
[BlackFideId "2226332"]
[EventDate "2014.08.25"]

1. e4 c5 2. Nf3 e6 3. d4 cxd4 4. Nxd4 a6 5. Nc3 Qc7 6. Be2 Nf6 7. O-O Bc5 8. Bg5
Nc6 9. Nb3 Be7 10. a4 Ng4 11. Bxg4 Bxg5 12. Nd5 exd5 13. exd5 Nd8 14. Re1+ Ne6
15. dxe6 dxe6 16. Qd4 Bf6 17. Qc5 Qxc5 18. Nxc5 Bxb2 19. Rab1 Bd4 20. Nxb7 O-O
21. Nd6 Rd8 22. Bf3 Ra7 23. Nxc8 Rxc8 24. Red1 Bf6 25. Be4 g6 26. Bd3 Rc5 27. g3
Kg7 28. Kg2 Ra5 29. Rb4 Rc7 30. Rdb1 Bc3 31. Rb6 Bd4 32. R6b4 e5 33. g4 Bc3 34.
Rb7 Rxb7 35. Rxb7 Rxa4 36. Rc7 Ba5 37. Rc4 Ra1 38. Rc6 Ra4 39. Rc4 Ra3 40. Rc6
Bd8 41. Rxa6 Rc3 42. Be4 Rc4 43. f3 Bg5 44. Rc6 Rd4 45. Bd3 Bf4 46. Rb6 Rd7 47.
h4 h5 48. gxh5 gxh5 49. Be4 Rd2+ 50. Kf1 Be3 51. Rb7 Rf2+ 52. Ke1 Rh2 53. Bd5
Rxh4 54. Rxf7+ Kg6 55. Rf8 Rh2 56. c4 h4 57. Rh8 Bd4 58. Rg8+ Kf5 59. Rg4 h3 60.
Be4+ Kf6 61. Rg6+ Kf7 62. Rh6 Be3 63. f4 Bxf4 64. Rh7+ Ke6 65. c5 Bd2+ 66. Kd1
Ba5 67. Rh6+ Ke7 68. c6 Rd2+ 69. Kc1 Rd4 70. Rh7+ Kf6 71. Bc2 Bd2+ 72. Kb2 Rc4
73. c7 Ba5 74. Rxh3 Rxc7 75. Rf3+ Ke6 76. Bb3+ Kd6 77. Rf6+ Kc5 78. Rf7 Rc8 79.
Rd7 Bb4 80. Bc2 Rh8 81. Rc7+ Kd5 82. Bb3+ Kd6 83. Rc4 Bc5 84. Rg4 Rh2+ 85. Kc3
Rh3+ 86. Kc4 Bd4 87. Rg6+ Ke7 88. Ba4 Kf7 89. Ra6 Rc3+ 1/2-1/2

[Event "79th ch-ESP 2014"]
[Site "Linares ESP"]
[Date "2014.08.27"]
[Round "3.7"]
[White "Arribas Lopez, Angel"]
[Black "Andres Gonzalez, Ivan"]
[Result "1-0"]
[WhiteTitle "IM"]
[BlackTitle "FM"]
[WhiteElo "2503"]
[BlackElo "2354"]
[WhiteFideId "2283352"]
[BlackFideId "2217783"]
[EventDate "2014.08.25"]

1. e4 c5 2. d3 Nc6 3. g3 g6 4. Bg2 Bg7 5. f4 e6 6. Nf3 Nge7 7. O-O d5 8. e5 h5
9. Be3 b6 10. c3 Ba6 11. Bf2 Qd7 12. Na3 Rc8 13. h3 d4 14. c4 Nf5 15. Nc2 Bf8
16. g4 hxg4 17. hxg4 Nh6 18. Ng5 Be7 19. Ne4 Bb7 20. Bf3 g5 21. fxg5 Nxe5 22.
gxh6 f5 23. Bg3 Nxf3+ 24. Qxf3 fxe4 25. Qf7+ Kd8 26. Qg7 Re8 27. h7 Qc6 28. Nxd4
cxd4 29. Qxd4+ Qd7 30. h8=Q Bc5 31. Qh4+ 1-0

[Event "79th ch-ESP 2014"]
[Site "Linares ESP"]
[Date "2014.08.27"]
[Round "3.8"]
[White "Sanchez Aller, Fernando"]
[Black "Santos Latasa, Jaime"]
[Result "0-1"]
[WhiteTitle "FM"]
[BlackTitle "FM"]
[WhiteElo "2352"]
[BlackElo "2487"]
[WhiteFideId "2222892"]
[BlackFideId "2293307"]
[EventDate "2014.08.25"]

1. e4 c5 2. Nf3 e6 3. Nc3 a6 4. d4 cxd4 5. Nxd4 Qc7 6. g3 Bb4 7. Bd2 Nc6 8. Nb3
Nf6 9. Bg2 Be7 10. O-O O-O 11. f4 d6 12. a4 b6 13. g4 Nd7 14. g5 Re8 15. Qh5 Bb7
16. Rf3 b5 17. Rh3 Nf8 18. a5 Nb4 19. Nxb5 axb5 20. Bxb4 Qc4 21. Rd3 e5 22. fxe5
Ng6 23. Rf1 Nxe5 24. Rh3 h6 25. Bd2 Bf8 26. Rc3 Qe6 27. Rc7 Re7 28. Nd4 Qa2 29.
Rxe7 Bxe7 30. Nf5 Bf8 31. gxh6 g6 32. h7+ Kh8 33. Qg5 Qxb2 34. Nh6 Bxh6 35. Qxh6
Re8 36. Qe3 b4 37. Qb6 Qxc2 38. Qxb4 Ba6 39. Rc1 Qd3 40. Qc3 Qe2 41. Qe3 Qh5 42.
Bc3 Kxh7 43. Qa7 Qg5 44. Re1 Bc4 45. Qf2 Be6 46. Qe3 Qh5 47. Qf4 Rc8 48. Bxe5
dxe5 49. Qd2 Kg7 50. a6 Rh8 51. Bf1 Bg4 52. a7 Bf3 53. Qf2 Ra8 54. Bg2 Bxg2 55.
Kxg2 Qg4+ 56. Kh1 Qd7 57. Ra1 Qd3 58. Qe1 Qd4 59. Qa5 Qxe4+ 60. Kg1 Qd4+ 61. Kf1
e4 62. Qa6 e3 63. Ra2 Qd1+ 64. Kg2 Qg4+ 65. Kf1 Rd8 66. Ke1 0-1